K METODIKE SKÚŠOK MALOTRAKTORA 2K2

Bibliographic Details
Main Author: Janoško, Ivan, 1963- (Author)
Format: Article
Language:Slovak
ISBN:8071006785

MARC

LEADER 00000naa a2200000uu 4500
001 vtls010933616
003 SK-MaSNL
005 20260302122620.0
008 210824|1999 xo |||||||||||||||||slo|
015 |a SNBRA 
035 |a (urnnbn)urn:nbn:sk:snk:ar-a0b5w7 
035 |a (uuid)548a75f8-27ea-4224-b9a4-458a32d21ac7 
035 |a urn:nbn:sk:snk-aatyb8 
040 |a SNKBUCL  |b slo  |c SNKBUCL  |e AACR2 
041 0 |a slo 
044 |a xo  |c SK 
100 1 |a Janoško, Ivan,  |d 1963-  |4 aut  |9 112144 
245 1 0 |a K METODIKE SKÚŠOK MALOTRAKTORA 2K2  |c Ivan Janoško 
773 0 |t DUAL '99  |d Žilina : Žilinská univerzita, 1999  |g S. 40-43  |z 8071006785 
958 |a OND 
958 |a article11 
958 |a chapter 
999 |c 1278821  |d 1280751